| 000 | 00729nam a22002417a 4500 | ||
|---|---|---|---|
| 001 | 23091 | ||
| 003 | UA-OsUOA | ||
| 005 | 20260121093025.0 | ||
| 007 | ta | ||
| 008 | 20040106b un ||||| |||| 00| 0 ukr d | ||
| 040 |
_aUA-OsUOA _bukr _cUA-OsUOA _dUA-OsUOA |
||
| 041 | _aukr | ||
| 044 | _aUA | ||
| 080 | _a282 | ||
| 090 |
_a282 _bМ79 |
||
| 245 |
_aМоральне Богослов'я католицької церкви _cпер. з фр. Архієпископа Кир Володимира Стернюка |
||
| 260 |
_aЛьвів _bВидавниче підприємство "Стрім" _c1995 |
||
| 300 | _a159 с. | ||
| 505 |
_gт. ІІІ _tСвяті тайни |
||
| 650 | 7 | _2UDC | |
| 942 |
_cBK _2udc |
||
| 955 | _a0 | ||
| 999 |
_c309330 _d309330 |
||